| 000 | 00324nam a2200097Ia 4500 | ||
|---|---|---|---|
| 082 | _a635.62 BIRD | ||
| 245 | 0 | _aGrowing squashes and pumpkins : a directory of varieties and how to cultivate them succesfully | |
| 100 |
_a BIRD, Richard London, 2003 _989354 |
||
| 942 | _cBK | ||
| 008 | 210817s9999 xx 000 0 und d | ||
| 999 |
_c371384 _d371383 |
||